Pedagogický bibliografický spravodaj SSR. Roč. 8, č. 8-9, 1981

Bibliographic Details
Format: Book
Language:Undetermined
Published: Bratislava SPK 1981

MARC

LEADER 00000nam a2200000 a 4500
001 vtls001352459
003 SK-MaSNL
005 20260223173333.0
008 210928s1981 xx 0 und
035 |a SNK000305841 
040 |a SNK  |b slo  |c SNK  |e AACR2 
245 1 |a Pedagogický bibliografický spravodaj SSR. Roč. 8, č. 8-9, 1981 
260 |a Bratislava  |b SPK  |c 1981 
958 |a OND 
999 |c 634190  |d 636120 
952 |t P60, <06>, [BOOK], {606}  |a SNK  |b SNK  |y PREZ  |7 0  |p 17A0176722  |o snkČSD 931/A/8/4/1981 D1  |0 0  |1 0  |4 0  |d 1999-01-14  |l 0  |r 2005-01-02 00:00:00  |w 2026-02-23